| 000 | 00680nam a2200241 a 4500 | ||
|---|---|---|---|
| 001 | 67517 | ||
| 003 | BD-RjUL | ||
| 005 | 20211209081650.0 | ||
| 008 | 170325s1976 caua 001 0 eng d | ||
| 020 | _a0534004067 | ||
| 035 | _a(BD-RjUL)67648 | ||
| 040 |
_aDLC _cDLC _dDLC _dBD-RjUL _beng |
||
| 041 | _aeng | ||
| 082 | 0 | 0 |
_a510 _223 _bWIM 1976 |
| 100 | 1 |
_aWilliams, Donald R. _9200065 |
|
| 245 | 1 | 0 |
_aModern mathematics with applications / _cDonald R. Williams. |
| 260 |
_aBelmont, Calif. : _bWadsworth Pub. Co., _cc1976. |
||
| 300 |
_ax, 565 p. : _bill. ; _c25 cm. |
||
| 500 | _aIncludes index. | ||
| 650 | 0 |
_aMathematics. _9200066 |
|
| 942 |
_2ddc _cBK |
||
| 999 |
_c67517 _d67517 |
||